| 000 | 00683 a2200169 4500 | ||
|---|---|---|---|
| 003 | Nust | ||
| 005 | 20230131110903.0 | ||
| 020 | _a0713621788 | ||
| 040 | _cNust | ||
| 082 | _a808.82,WRI | ||
| 245 | _aWriter's & Artists' Yearbook 1982 / | ||
| 260 |
_aLondon _bAdam & Charles Black _c1982 |
||
| 300 | _a552 p | ||
| 505 | _aWriting for Newspapers , Magazines Etc (Page-9), UK (Page-10), UK Magazine (Page-94), Africa (Page-96), Australia (Page-98), Canada (Page-105), India (Page-109), Ireland (Page-111), New Zealand (Page-114), South Africa (Page-116), USA (Page-120), Markets for Verse (Page-130). | ||
| 650 |
_aLiterature-Directories _9108192 |
||
| 942 |
_2ddc _cBK _k808.82,WRI |
||
| 999 |
_c190887 _d190887 |
||